Derechos fundamentales laborales y estabilidad en el trabajo

Detalles Bibliográficos
Autor principal: Blancas Bustamante, Carlos
Formato: eBook
Lenguaje:español
Publicado: Lima: Palestra Editores, 2015
Materias:
Acceso en línea:Acceso restringido

MARC

LEADER 00000nam a22000007a 4500
005 20190815124512.0
007 cr|||| ||||
008 190815s2015 pe |||||s|||| 00||0 spa d
020 |a 978-612-4218-40-8 
035 |a 24069 
040 |a vLex 
090 |c 9201  |d 9201 
100 1 |a Blancas Bustamante, Carlos 
245 1 0 |a Derechos fundamentales laborales y estabilidad en el trabajo  |h [Recurso electrn̤ico] /  |c Carlos Blancas Bustamante 
256 |a Servicio en ln̕ea 
260 |a Lima:  |b Palestra Editores,  |c 2015 
300 |a 1 recurso electrn̤ico 
506 1 |a Disponible solo en los productos indicados  |d vLex Global  |d vLex Global (Academic Edition, excluding Law Schools)  |d vLex Global (U.S. Academic Edition, Law Schools)  |d vLex Global (U.S. Academic Edition, excluding Law Schools)  |d vLex Global (Academic Edition, Law Schools) 
650 0 4 |a Derecho Laboral y Seguridad Social  |z Per︢ 
740 0 |a vLex Libros (Servicio en ln̕ea) 
856 4 0 |u http://vlex.com/source/derechos-fundamentales-laborales-estabilidad-trabajo-24069  |z Acceso restringido 
942 |c BOOK 
999 0 |a Labor law and social security